Química general

Bibliographic Details
Main Author: Recio del Bosque, Francisco
Format: Section = Libro
Language:Undetermined
Spanish
Published: México McGraw-Hill 2004
Subjects:
LEADER 00558nam a2200217Ia 4500
008 240829s9999 xx 000 0 und d
020 |a 970-10-1675-0 
040 |a BIBLIOTECA-RUSB/ 540 R297 
041 |a spa 
082 |a 540 R297 
100 1 |a Recio del Bosque, Francisco 
245 1 0 |a Química general 
260 |a México  |b McGraw-Hill  |c 2004 
300 |a 133 p. :il. 
650 7 |a QUÍMICA 
650 7 |b  REACCIONES QUÍMICAS INORGÁNICAS 
650 7 |c  ESTEQUIOMETRIA 
650 7 |d  ÁCIDOS Y BASES 
942 |c BK  |2 ddc 
991 |a TEXTO 
999 |c 2309